000 00559nam a2200193 a 4500
001 3625
003 CO-ViMGA
008 141112s2004 ck r 000 u spa d
040 _aCO-ViMGA
_bspa
_cCO-ViMGA
082 0 4 _a070.449 H156
100 1 _aHalperín, Jorge
_953580
245 1 0 _aLa entrevista periodística :
_bintimidades de la conversación
260 _aBuenos Aires :
_bPaidós,
_c1995
300 _a296 p
490 _aPaidós estudios de comunicación, 1
650 1 4 _aENTREVISTAS PERIODISTICAS
_953581
650 1 4 _aPERIODISMO
942 _2ddc
_cBK
999 _c15663
_d15663